| 000 | 00775nam a2200205 i 4500 | ||
|---|---|---|---|
| 001 | 109683 | ||
| 003 | ES-MaACL | ||
| 005 | 20251114103302.0 | ||
| 007 | t| | ||
| 008 | 061121s1975 xxu r ||||1| spa d | ||
| 100 | 1 |
_aMocega-González, Esther P. _981735 |
|
| 245 | 1 | 3 |
_aLa narrativa de Alejo Carpentier _b: El concepto del tiempo como tema fundamental (Ensayo de interpretación y análisis) / _cEsther P. Mocega-González. |
| 260 |
_aNew York : _bEliseo Torres & Sons, _c1975. |
||
| 300 |
_a274 p. ; _c21 cm. |
||
| 490 | 1 |
_aTorres library of literary studies ; _v22 |
|
| 600 | 0 | 4 |
_aCarpentier, Alejo- _xCrítica e interpretación. _935443 |
| 830 | 0 |
_aTorres Library of Literary Studies _v22 _9182740 |
|
| 852 |
_aES-MaACL _jL-7027 _bR.107503 |
||
| 999 |
_c109683 _d109683 |
||